Jozef Murgaš - Počujete ma?

Bibliographic Details
Main Author: Šváčová, Soňa, 1961- (Author)
Other Authors: Valach, Peter, 1972- (Bookjacket designer)
Format: Book
Language:Slovak
PhysicalDescription:18 s. fotogr. 30 cm
Published: Banská Bystrica Štátna vedecká knižnica 2014
ISBN:9788089388585
Subjects:

MARC

LEADER 00000cam a2200000 a 4500
001 vtls010691776
003 SK-MaSNL
005 20260426015520.0
008 240318s2014 xo o g hn 000 0bslo
015 |a SNBA2015/11 
020 |a 9788089388585  |q (brož.) 
040 |a SNK  |b slo  |c SNK  |e AACR2 
041 0 |a slo 
043 |a e-xo--- 
044 |a xo  |c SK 
072 7 |a 00  |x Veda. Všeobecnosti. Základy vedy a kultúry. Vedecká práca  |2 konspekt 
072 7 |a 929  |x Biografie  |2 konspekt 
080 |a 001.894-051  |2 2011 
080 |a 272-726.3  |2 2011 
080 |a 75.071.1  |2 2011 
080 |a (437.6)  |2 2011 
080 |a (092)  |2 2011 
100 1 |a Šváčová, Soňa,  |d 1961-  |4 aut  |9 115130 
245 1 0 |a Jozef Murgaš - Počujete ma?  |c Soňa Šváčová 
246 3 |a Počujete ma? 
260 |a Banská Bystrica  |b Štátna vedecká knižnica  |c 2014 
300 |a 18 s.  |b fotogr.  |c 30 cm 
500 |a Názov z obalu 
504 |a Bibliogr.: s. 18 
600 1 7 |a Murgaš, Jozef,  |d 1864-1929  |2 SNKMA  |9 193780 
650 0 7 |a objavitelia a vynálezcovia  |2 SNKPH  |9 118812 
650 0 7 |a katolícki kňazi  |2 SNKPH  |9 1290 
650 0 7 |a maliari  |2 SNKPH  |9 3150 
650 0 7 |a Inventors  |2 SNKPHeng  |9 285557 
650 0 7 |a Catholic priests  |2 SNKPHeng  |9 267999 
650 0 7 |a Painters  |2 SNKPHeng  |9 99679 
651 7 |a Slovensko  |2 SNKPHgeo  |9 14231 
651 7 |a Slovakia  |2 SNKPHeng  |9 92630 
655 7 |a biografie  |2 SNKPH  |9 27965 
655 7 |a Biography  |2 SNKPHeng  |9 266314 
700 1 |a Lauková, Oľga,  |d 1950-  |4 lso  |9 208957 
700 1 |a Valach, Peter,  |d 1972-  |4 bjd  |4 bkd  |9 253227 
852 |a Štátna vedecká knižnica v Banskej Bystrici 
919 |a 978-80-89388-58-5 
958 |a NB 
958 |a BX 
999 |c 1186758  |d 1188688 
952 |a SNK  |b SNK  |y PREZ  |7 0  |p 17A1173952  |o snkOSB 18154  |i snk2015/30262  |8 0  |0 0  |1 0  |4 0  |d 2015-11-03  |l 0  |r 2026-02-24 21:58:33  |w 2026-02-24 
952 |a SNK  |b SNK  |y VYP  |7 0  |p 17A1173953  |o snkOSB 18154 D1  |i snk2015/30263  |8 0  |0 0  |1 0  |4 0  |d 2015-11-03  |l 0  |r 2026-02-24 21:58:33  |w 2026-02-24